| 000 | 00785nam a2200241 a 4500 | ||
|---|---|---|---|
| 001 | 17940 | ||
| 003 | BD-RjUL | ||
| 005 | 20211209000220.0 | ||
| 008 | 860101s1960 enka b 000 0 eng d | ||
| 035 | _a(BD-RjUL)17998 | ||
| 040 |
_aDLC _cYNG _dOCL _dWSU _dSER _dBD-RjUL _beng |
||
| 041 | _aeng | ||
| 082 |
_a821.912 _bMEW 1960 |
||
| 100 | 1 |
_aMelchiori, Giorgio. _955334 |
|
| 245 | 1 | 4 |
_aThe whole mystery of art ; _bpattern into poetry in the work of W.B. Yeats / _cby Giorgio Melchiori. |
| 260 |
_aLondon : _bRoutledge & Paul, _c1960. |
||
| 300 |
_a360 p. : _bill. ; _c23 cm |
||
| 504 | _aIncludes bibliography | ||
| 600 | 1 | 0 |
_aYeats, W. B. _q(William Butler), _d1865-1939. _955337 |
| 650 | 0 |
_aCreation (Literary, artistic, etc.) _92740 |
|
| 942 |
_2ddc _cBK |
||
| 999 |
_c17940 _d17940 |
||